| 000 | 02389cam a22003618i 4500 | ||
|---|---|---|---|
| 999 |
_c29260 _d29231 |
||
| 001 | 21106892 | ||
| 003 | EG-ScBUE | ||
| 005 | 20210727112443.0 | ||
| 008 | 190729t2019 nyua f b 001 0 eng d | ||
| 020 | _a9780789213402 | ||
| 040 |
_aDLC _beng _erda _cDLC _dEG-ScBUE |
||
| 082 | 0 | 4 |
_a745.4 _bLEO _222 |
| 100 | 1 |
_aLeoneschi, Francesca, _ecompiler. |
|
| 245 | 1 | 0 |
_aPatterns in arts : _ba closer look at the old masters / _cFrancesca Leoneschi ; with illustrations by Giovanna Ferraris ; text by Silvia Lazzaris. |
| 250 | _aEnglish language edition. | ||
| 264 | 1 |
_aNew York ; _aLondon : _bAbbeville Press Publishers, _c[2019] |
|
| 264 | 4 | _cc2019 | |
| 300 |
_a173 pages : _bcolor illustrations ; _c28 cm |
||
| 336 |
_atext _btxt _2rdacontent |
||
| 337 |
_aunmediated _bn _2rdamedia |
||
| 338 |
_avolume _bnc _2rdacarrier |
||
| 504 | _aIncludes bibliographical references and index. | ||
| 520 |
_a"A visual delight, and a designer's dream-the decorative details of great European paintings transformed into beautiful two-dimensional patterns Richly embroidered robes. Intricate lace collars. Elaborately laid floor tiles. Delicately carved and modeled cornices and capitals. These are among the details of decorative art that the Old Masters lovingly rendered in their paintings, to establish a setting, convey a portrait subject's social status, or sometimes just enliven a scene. Together these details-so easy to overlook in the imposing harmony of draftsmanship, color, and composition that makes up a great painting-form a veritable history of ornament. This inventive book plucks these decorative motifs from the background of paintings by masters like Rubens, Memling, and Filippo Lippi, and transforms them into vibrant two-dimensional patterns. Seeing these patterns side-byside with the original paintings deepens our appreciation of both. Pattern in Painting will be a resource for graphic designers, and a revelation for all art lovers"-- _cProvided by publisher. |
||
| 650 | 7 |
_aDecoration and ornament _xThemes, motives. _2BUEsh |
|
| 653 |
_bGGEN _cJuly2021 |
||
| 655 |
_vReading book _934232 |
||
| 700 | 1 |
_aFerraris, Giovanna, _eillustrator. _94899 |
|
| 700 | 1 |
_aLazzaris, Silvia, _ewriter of added text. |
|
| 906 |
_a7 _bcbc _corignew _d1 _eecip _f20 _gy-gencatlg |
||
| 942 |
_2ddc _cBB |
||